01032nam a2200253 i 4500001000300000245012500003260005900128300002600187490001500213504002400228521011100252650004800363650004800411655004200459700004200501700003200543830001500575020001500590040000800605041000700613080001900620008004100639856009800680bg00aWybrane zagadnienia prawne :b[praca zbiorowa /cpod red. Janiny Ciechanowicz ; zespół aut. Andrzej Majewski et al.]. aWarszawa :bWydawnictwa Szkolne i Pedagogiczne,c1999. a169, [2] s. ;c24 cm.1 aAgrobiznes aBibliogr. s. [171]. aPodręcznik dla liceum, technikum i szkoły policealnej w zawodach rolnych i gospodarki żywnościowej. 9aPrawoxzagadnieniazPolskaystan na 1999 r. 9aPrawoxzagadnieniazPolskaystan na 1999 r. aPodręczniki dla szkół zawodowych1 aCIECHANOWICZ, Janinad(1952- ).eRed.1 aMAJEWSKI, Andrzejd(1953- ) aAgrobiznes a8302072915 cBPK0 apl a34(438)(075.3) s pl f |000 0 pol  uhttp://koha.tu.koszalin.pl/cgi-bin/koha/opac-detail.pl?biblionumber=39562yKatalog online BPK